<?xml version="1.0" encoding="UTF-8"?>
<collection xmlns="http://www.loc.gov/MARC21/slim">
<record>
  <controlfield tag="001">152447</controlfield>
  <controlfield tag="005">20250401114421.0</controlfield>
  <datafield tag="037" ind1=" " ind2=" ">
    <subfield code="a">TAZ-TFM-2024-686</subfield>
  </datafield>
  <datafield tag="041" ind1=" " ind2=" ">
    <subfield code="a">spa</subfield>
  </datafield>
  <datafield tag="100" ind1="1" ind2=" ">
    <subfield code="a">García Náñez, Jose María</subfield>
  </datafield>
  <datafield tag="242" ind1="0" ind2="0">
    <subfield code="a">Action-Oriented Approach (AoA) in Third-ESO EFL: a videocall project with French EFL learners to design multimodal antiwar posters</subfield>
  </datafield>
  <datafield tag="245" ind1="0" ind2="0">
    <subfield code="a">Action-Oriented Approach (AoA) in Third-ESO EFL: a videocall project with French EFL learners to design multimodal antiwar posters</subfield>
  </datafield>
  <datafield tag="260" ind1=" " ind2=" ">
    <subfield code="a">Zaragoza</subfield>
    <subfield code="b">Universidad de Zaragoza</subfield>
    <subfield code="c">2024</subfield>
  </datafield>
  <datafield tag="506" ind1=" " ind2=" ">
    <subfield code="a">by-nc-sa</subfield>
    <subfield code="b">Creative Commons</subfield>
    <subfield code="c">3.0</subfield>
    <subfield code="u">http://creativecommons.org/licenses/by-nc-sa/3.0/</subfield>
  </datafield>
  <datafield tag="520" ind1=" " ind2=" ">
    <subfield code="a">The present dissertation exemplifies the implementation of an Action-Oriented Approach (AoA) for the first unit plan of Third-ESO EFL. This proposal fulfills an innovation need that stems from pedagogic deficiencies detected during the Master’s learning activities. The most critical deficiency is teachers’ restriction of their learners’ agency, which is the autonomy to mobilize all resources strategically and accomplish real-world tasks. Such autonomy critically draws on self-regulation, which includes learners’ awareness of learning strategies, reflexive thinking, and self-efficacy.&lt;br />The intercultural scenario of the unit is an ‘eTwinning’ telecollaboration with French EFL learners in order to compose multimodal antiwar posters about reconciliatory events from the Franco-Aragonese history. All the competences that this scenario requires are developed through a series of preparatory tasks, learning inductively ‘by doing’, so that by the last session students can autonomously plan, execute, and self-assess their projects. The language functions worked in the unit are ‘give instructions, suggestions and opinions’ and ‘give reasons by expressing purpose and result’. Furthermore, the preparatory tasks are peer-scaffolded by reflective discussion in small groups, in line with the Vygotskyan concept of mediation of learning within the ‘Zone of Proximal Development’. Thus, this proposal attends for inclusive education and learner diversity.&lt;br />The second part of this dissertation concerns a critical commentary on the unit plan according to the criteria laid in the theoretical and curricular framework. The unit is entirely included in the appendices. Finally, the section of conclusions summarizes the critical analysis and proposes future lines of research and action.&lt;br />&lt;br /></subfield>
  </datafield>
  <datafield tag="521" ind1=" " ind2=" ">
    <subfield code="a">Máster Universitario en Profesorado de Educación Secundaria Obligatoria, Bachillerato, Formación Profesional y Enseñanza de Idiomas, Artísticas y Deportivas</subfield>
  </datafield>
  <datafield tag="540" ind1=" " ind2=" ">
    <subfield code="a">Derechos regulados por licencia Creative Commons</subfield>
  </datafield>
  <datafield tag="856" ind1="0" ind2=" ">
    <subfield code="f">863451@celes.unizar.es</subfield>
  </datafield>
  <datafield tag="856" ind1="4" ind2=" ">
    <subfield code="s">4552804</subfield>
    <subfield code="u">http://zaguan.unizar.es/record/152447/files/TAZ-TFM-2024-686.pdf</subfield>
    <subfield code="y">Memoria (spa)</subfield>
  </datafield>
  <datafield tag="909" ind1="C" ind2="O">
    <subfield code="o">oai:zaguan.unizar.es:152447</subfield>
    <subfield code="p">driver</subfield>
    <subfield code="p">trabajos-fin-master</subfield>
  </datafield>
  <datafield tag="950" ind1=" " ind2=" ">
    <subfield code="a"></subfield>
  </datafield>
  <datafield tag="691" ind1=" " ind2=" ">
    <subfield code="a">12 13 16</subfield>
  </datafield>
  <datafield tag="692" ind1=" " ind2=" ">
    <subfield code="a">SDG 16.1 ‘Reduce violence everywhere’. The lesson plan consists in the creation of a poster campaign against the current Russian-Ukrainian conflict. SDG12.2 ‘Sustainable use of natural resources’, and SDG13.3 ‘Build knowledge and capacity to meet climate change’. The second task of session 7 consists of a debate to choose the type of viral campaign for the pacifist project. The options for the distribution of the posters are either the traditional physical format or digitally through social media posts. Before starting the debate, students read an article about the different CO2 footprints that both options would generate. SDG5.4 ‘Value unpaid care and promote shared domestic responsibilities’. The first task of session 6 requires listening to an interview about the Spanish government's smartphone application to fight the gender gap in housework chores.</subfield>
  </datafield>
  <datafield tag="700" ind1=" " ind2=" ">
    <subfield code="a">Delgado Crespo, Violeta</subfield>
    <subfield code="e">dir.</subfield>
  </datafield>
  <datafield tag="710" ind1="2" ind2=" ">
    <subfield code="a">Universidad de Zaragoza</subfield>
    <subfield code="b">Filología Inglesa y Alemana</subfield>
    <subfield code="c">Filología Inglesa</subfield>
  </datafield>
  <datafield tag="980" ind1=" " ind2=" ">
    <subfield code="a">TAZ</subfield>
    <subfield code="b">TFM</subfield>
    <subfield code="c">FEDU</subfield>
  </datafield>
  <datafield tag="999" ind1=" " ind2=" ">
    <subfield code="a">20240621133247.CREATION_DATE</subfield>
  </datafield>
  <datafield tag="951" ind1=" " ind2=" ">
    <subfield code="a">deposita:2025-04-01</subfield>
  </datafield>
</record>
</collection>